Регионална библиотека "Любен Каравелов" - Русе

Питър Пан (Запис номер 495949)

MARC детайли
000 -Лидер
Лидер 01324nam a2200337 a 4500
003 - Код на организацията, давaща контролен номер
Код на организацията, даваща контролен номер BLK
005 - Дата и час на последна редакция
Дата и час на последна редакция 20250721163918.0
008 - Елементи от данни с фиксирана дължина
Елементи с фиксирана дължина 180408b bul|||||r ||||||| ||bul||
010 ## - Наследен системен номер
LC control number KNG00044475000
020 ## - Международен стандартен номер на книга ISBN
ISBN 9789542622451
040 ## - Източник на каталожния запис
Код на библиотеката BLK
041 ## - Код за език
Език Български
Език за КДБФ Български
080 ## - УДК
УДК текст Английска литература
УДК код 821.111
УДК – определител -93-31
УДК – код + определител 821.111-93-31
084 ## - Класификационен индекс по друга класификация
Авторски знак Бар - Б 26
100 1# - Редна дума - Автор
Автор Бари, Джеймс Матю
R(LIN) 36654
245 10 - Сведения за заглавието
Заглавие Питър Пан
Авторска отговорност Джеймс Матю Бари ; [ил.] Кантен Гребан ; прев. Маргарита Дограмаджян
257 ## - Страна на издаване
Страна на създаване/издаване Великобритания
260 ## - Област на издателските данни
Място на издаване Пловдив
Име на издателя Хермес
Година на издаване 2023
Печатница Костинброд : Мултипринт
300 ## - Физическа характеристика
Брой страници 118 с.
Илюстрации с цв. ил.
Размер 29 см
380 ## - Жанр
Жанр Детска худож. лит.
500 ## - Общи забележки
Обща забележка Ориг. загл.: Peter Pan / James Matthew Barrie. - 1. изд. 2011 в сер. Златно перо
700 ## - Други автори (авторска отговорност)
Друг автор Гребан, Кантен
9 (RLIN) 452728
700 1# - Други автори (авторска отговорност)
Друг автор Дограмаджян, Маргарита Месроб
9 (RLIN) 63864
852 ## - Местоположение
Сигнатура (форматна) Цб ІІ 32456
Отдел Хранилище
856 4# - Електронен адрес и достъп
Електронен формат pdf - файл
856 4# - Електронен адрес и достъп
Електронен формат pdf - файл
942 ## - АРТИКУЛИ
Вид на библиотечния документ Книги
Скрит в OPAC Не
Koha issues (borrowed), all copies 51
Периодичен библиозапис Да
944 ## - СЪЗДАВАНЕ И РЕДАКЦИЯ на ЗАПИСА
Дата на регистрацията/редакция Теодора Пейчева-Дянкова
Номер на служител Анна Гръцманова
Служител, извършил регистрацията/редакцията 30564
944 ## - СЪЗДАВАНЕ И РЕДАКЦИЯ на ЗАПИСА
Създаване/Редакция Редакция
Дата на регистрацията/редакция 2023-12-18
Служител, извършил регистрацията/редакцията ГГГ
999 ## - СИСТЕМНИ КОНТРОЛНИ НОМЕРА
Koha biblionumber 495949
Koha biblioitemnumber 495949
Наличности
Код за отписване Код за изгубен артикул Източник на класификационната схема Код за повреда Код за отдаване Артикулен № Име на библиотеката - собственик Име на библиотеката, в която се намира в момента Статус (Текущо местоположение) Дата на вписване в системата Местоположение - отдел Цена в лева Инвентарен номер Систематично азбучна сигнатура Баркод Цена в евро Служебен тип на артикула Коз за рестрикции
  Не е изгубен Universal Decimal Classification Не е повреден заемане за дома 934543 Регионална библиотека "Любен Каравелов" Русе Регионална библиотека "Любен Каравелов" Русе Детски отдел 2023-10-06 Детски отдел 17.47 120000893710 821-93/Б 26 Д 120000893710 8.93 Книги  
  Не е изгубен Universal Decimal Classification Не е повреден заемане за дома 934544 Регионална библиотека "Любен Каравелов" Русе Регионална библиотека "Любен Каравелов" Русе Детски отдел 2023-10-06 Детски отдел 17.47 120000893711 821-93/Б 26 Д 120000893711 8.93 Книги  
  Не е изгубен Universal Decimal Classification Не е повреден заемане за дома 934545 Регионална библиотека "Любен Каравелов" Русе Регионална библиотека "Любен Каравелов" Русе Детски отдел 2023-10-06 Детски отдел 17.47 120000893712 821-93/Б 26 Д 120000893712 8.93 Книги  
  Не е изгубен Universal Decimal Classification Не е повреден ползва се в читалня 937590 Регионална библиотека "Любен Каравелов" Русе Регионална библиотека "Любен Каравелов" Русе Хранилище 2023-12-21 Хранилище 24.95 120000896615 Цб ІІ 32456 120000896615 12.76 Книги само за читалня
Vip Innovations Ltd, Rousse, Bulgaria 2025